"Budoucnost" značkových výrobků

Výsledky prieskumu uskutočneného medzi ľuďmi v kategórii od 15 rokov po mladší dôchodkový vek a ktorý hľadal odpovede na otázku: ako vidia budúcnosť? Odpovede na témy - zdravotníctvo, oblasť zábavy a komunikácie, amerikanizácia práce, sám doma, tolerancia ako nová etika, materialistický kolotoč, ter...

Descripción completa

Guardado en:
Detalles Bibliográficos
Autor principal: Landellmils, William
Formato: Capítulo de libro
Lenguaje:checo
Materias:
Etiquetas: Agregar Etiqueta
Sin Etiquetas, Sea el primero en etiquetar este registro!

MARC

LEADER 00000naa$a2200000$$$4500
001 0113601
005 20231019094209.4
041 0 |a cze 
044 |a CZ 
245 1 0 |a "Budoucnost" značkových výrobků  |c William Landellmils 
520 |a Výsledky prieskumu uskutočneného medzi ľuďmi v kategórii od 15 rokov po mladší dôchodkový vek a ktorý hľadal odpovede na otázku: ako vidia budúcnosť? Odpovede na témy - zdravotníctvo, oblasť zábavy a komunikácie, amerikanizácia práce, sám doma, tolerancia ako nová etika, materialistický kolotoč, terorizmus, životné prostredie. Optimizmus mladých žien a pesimizmus starých mužov. Optimizmus značkových výrobkov. Budúcnosť značiek. 
610 2 0 |a civilizácia 
610 2 0 |a spoločnosť 
610 2 0 |a prostredie životné 
610 2 0 |a materializmus 
610 2 0 |a predvídanie 
610 2 0 |a značky výrobkov 
610 2 0 |a prieskum informačný 
100 1 |a Landellmils, William